| 000 | 01244cam a22002295a 4500 | ||
|---|---|---|---|
| 001 | L137910 | ||
| 008 | 070508s2007 xxk f 000 0 eng d | ||
| 035 | _a(Sirsi) u137910 | ||
| 041 | 0 | _aeng | |
| 050 | 0 | 4 | _a333.33016 $2 18 |
| 110 | 2 |
_aInvestment Property Databank _92288 |
|
| 245 | 0 | 0 |
_aIPD UK quarterly index _bfirst quarter 2007 _h[electronic resource] |
| 260 |
_aLondon _bIPD _c2007 |
||
| 490 | 0 |
_aIPD UK Quarterly Index _vFirst Quarter 2007 |
|
| 520 | _aReports total returns on total property to have increased by 2.5% over the last three months and 15.6% over the last twelve months. Reports returns on retail property to have increased by 1.8% over the last three months and 12.7% over the last twelve months, returns on office property to have increased by 3.6% over the last three months and 20.9% over the last twelve months, and returns on industrial property to have increased by 2.1% over the last three months and 15.4% over the last twelve months. | ||
| 590 | _aKA NTK | ||
| 650 | 2 | 4 | _aIPD UK QUARTERLY INDEX |
| 651 | 4 |
_aUnited Kingdom _y |
|
| 690 | _aPROPERTY-COMMERCIAL PROPERTY-COMMERCIAL PROPERTY MARKET | ||
| 856 | 4 | 0 |
_uhttps://www.ipdglobal.com/ _zView the item free of charge at www.ipdglobal.com... |
| 942 | _n0 | ||
| 999 |
_c106931 _d106931 |
||